WW2 European Geography quiz - Statistics

General Stats
  • This quiz has been taken 242 times
  • The average score is 9 of 30
Answers on the Map
Answers color-coded by a green-red scale on the quiz's map according to % correct below.
 
Answer Stats
Answer % Correct
The vichy government was set up in this country.
49%
This country remained neutral despite being completely surrounded by the axis.
49%
The Sudetenland annexed by Germany is a part of this country.
47%
The sniper with the most confirmed kills ever was from here.
45%
This country controversially continued to sell iron to Germany.
44%
This country surrendered 6 hours after a German invasion.
44%
Operation Sea Lion was the planned invasion of this country.
42%
The leader of this country became prime minister in 1922 and dictator in 1925.
38%
Italy invaded and occupied this country in April 1939.
37%
The battle of the Narvik harbour was in this country.
34%
The battle of Kursk took place in this country.
33%
This country repelled Italy's invasion, forcing Germany to get involved.
33%
A coup d'état lead by King Michael I took place here in 1944.
31%
The siege of Bastogne took place in this country.
31%
This country was occupied after the war, just like Germany
30%
This country was home to the Ustaše, who arguably committed worse crimes than the SS.
29%
Country that had the largest death toll in proportion to its population.
27%
Miklos Horthy was the leader of this country during the war.
26%
This country granted the Allies a crucial base in the Atlantic.
25%
This country was under siege 1940-1942.
23%
Allied volunteers of this country faced hostility when returning home
22%
The largest parachute assault ever was conducted in this country.
22%
This country was neutral (1939-41), axis (1941-44) and allied (1944-45)
21%
This country was occupied by the Allies during the war.
21%
The most prominent general of this country committed suicide in 1944.
20%
The largest encirclement of troops ever happened in this country.
18%
Generalbezirk Lettland was established here during the German occupation.,
17%
Often called the Russian Dunkirk happened here.
17%
The Blue Legion was from this country.
17%
This country helped crack the Enigma Machine along with the British.
17%
No matching quizzes found
Score Distribution
Percent of People with Each Score
Percentile by Number Answered
Your Score History
You have not taken this quiz